| 000 | 00580nam a2200229Ia 4500 | ||
|---|---|---|---|
| 003 | 0100 | ||
| 008 | 130303s9999 xx 000 0 und d | ||
| 020 | _a0805347801 | ||
| 040 | _cARRUPELIB | ||
| 050 | _aQ335.L84 1992 | ||
| 100 | _aLuger, George F. | ||
| 245 | _aArtificial intelligence | ||
| 245 | _bstructures and strategies for complex problem solving | ||
| 260 | _aCalifonia | ||
| 260 | _bThe Benjamin | ||
| 260 | _C1992 | ||
| 300 | _axxiv | ||
| 300 | _b 740p. 24cm. | ||
| 650 | _bReligion and literature | ||
| 650 | _cBible as literature | ||
| 942 |
_2lcc _01 |
||
| 999 |
_c61237 _d61237 |
||